International energy security challenges for Europe in the coming years
Výskum otázok energetickej bezpečnosti pre európske krajiny v budúcnosti. Návrhy scenárov politiky energetickej bezpečnosti pre Európsku úniu. Analýza odberateľských a dodávateľských vzťahov v energetike pre EÚ a príslušné odporúčania. Identifikácia najefektívnejších energetických zdrojov pre EÚ v g...
Salvato in:
| Autore principale: | |
|---|---|
| Natura: | Capitolo di libro |
| Lingua: | inglese |
| Soggetti: | |
| Tags: |
Nessun Tag, puoi essere il primo ad aggiungerne!!
|
MARC
| LEADER | 00000naa a2200000 4500 | ||
|---|---|---|---|
| 001 | 0183825 | ||
| 005 | 20231208103943.2 | ||
| 041 | 0 | |a eng | |
| 044 | |a SK | ||
| 245 | 1 | 0 | |a International energy security challenges for Europe in the coming years |c Iana Dreyer |
| 520 | |a Výskum otázok energetickej bezpečnosti pre európske krajiny v budúcnosti. Návrhy scenárov politiky energetickej bezpečnosti pre Európsku úniu. Analýza odberateľských a dodávateľských vzťahov v energetike pre EÚ a príslušné odporúčania. Identifikácia najefektívnejších energetických zdrojov pre EÚ v globálnom trhu. | ||
| 610 | 2 | 0 | |a Európska únia |
| 610 | 2 | 0 | |a plyn zemný |
| 610 | 2 | 0 | |a politika bezpečnostná |
| 610 | 2 | 0 | |a zmeny klimatické |
| 610 | 2 | 0 | |a Blízky východ |
| 610 | 2 | 0 | |a severná Afrika |
| 610 | 2 | 0 | |a Rusko |
| 100 | 1 | |a Dreyer, Iana | |